000
00199nam a22000857a 4500
008
170626b xxu||||| |||| 00| 0 eng d
100
_9
3673
_a
Levitin. A
245
_a
Journey to America
260
_a
New york
999
_c
7089
_d
7089